[Event "3rd ACT"]
[Site "Amsterdam NED"]
[Date "2006.07.15"]
[Round "1"]
[White "Ashton,A"]
[Black "Tiviakov,S"]
[Result "0-1"]
[WhiteElo "2329"]
[BlackElo "2668"]
[EventDate "2006.07.15"]

1. e4 d5 2. exd5 Qxd5 3. Nf3 Nf6 4. d4 c6 5. c4 Qd8 6. Be2 g6 7. O-O Bg7 8.
Nc3 O-O 9. h3 Na6 10. Be3 Bf5 11. Qd2 Re8 12. Rfd1 Ne4 13. Nxe4 Bxe4 14.
Bh6 Bxf3 15. Bxf3 e5 16. Bxg7 Kxg7 17. dxe5 Qxd2 18. Rxd2 Rxe5 19. Rb1 Rae8
20. Rdd1 R8e7 21. b4 Nc7 22. a4 Ne6 23. h4 a5 24. b5 Rc5 25. bxc6 bxc6 26.
Rb6 Rxc4 27. Bxc6 Nd4 28. Rxd4 Rxd4 29. Bb5 Re1+ 30. Kh2 Rxh4+ 31. Kg3 Ree4
32. Ra6 Reg4+ 33. Kf3 Rf4+ 34. Ke3 Rf5 35. Rxa5 Rh2 0-1

[Event "3rd ACT"]
[Site "Amsterdam NED"]
[Date "2006.07.15"]
[Round "1"]
[White "Nijboer,F"]
[Black "Afek,Y"]
[Result "0-1"]
[WhiteElo "2598"]
[BlackElo "2316"]
[EventDate "2006.07.15"]

1. e4 c5 2. Nf3 Nf6 3. e5 Nd5 4. Nc3 e6 5. Nxd5 exd5 6. d4 Nc6 7. dxc5 Bxc5
8. Qxd5 d6 9. exd6 Qb6 10. Qe4+ Be6 11. Qh4 Bxd6 12. Be2 Bf5 13. Bd1 O-O
14. O-O Rfe8 15. b3 Bg6 16. Bb2 Rad8 17. Qh3 Bc5 18. a3 a5 19. Bc3 Qc7 20.
Nh4 b5 21. Nxg6 hxg6 22. Bf3 b4 23. Bxc6 Qxc6 24. axb4 axb4 25. Bb2 Rd2 26.
Qf3 Qxf3 27. gxf3 Ree2 28. Ra8+ Kh7 29. Bc1 Rxc2 30. Bf4 Bxf2+ 31. Kh1 g5
32. Bd6 Be3 33. Ra5 Kg6 34. Bg3 f5 35. Ra6+ Kh7 36. Re1 0-1

[Event "3rd ACT"]
[Site "Amsterdam NED"]
[Date "2006.07.15"]
[Round "1"]
[White "Van Ruitenburg,J"]
[Black "Timman,J"]
[Result "0-1"]
[WhiteElo "2315"]
[BlackElo "2594"]
[EventDate "2006.07.15"]

1. d4 Nf6 2. Bg5 Ne4 3. Bh4 g5 4. f3 gxh4 5. fxe4 c5 6. e3 Bh6 7. Nd2 d5 8.
Qh5 Bxe3 9. O-O-O cxd4 10. Ngf3 Be6 11. Ng5 Bxg5 12. Qxg5 Nc6 13. Nb3 dxe4
14. Qg7 Rf8 15. Nxd4 Qd6 16. Bb5 O-O-O 17. Nxc6 Qf4+ 18. Kb1 bxc6 19. Ba6+
Kb8 20. Qc3 Qc7 21. Qb4+ Ka8 22. Qxe4 h3 23. c4 Kb8 24. c5 hxg2 25. Rhe1
Bd5 26. Qb4+ Ka8 27. Rd3 Rb8 28. Qa4 Rg8 29. Rg1 Qxh2 30. Qd1 Be4 31. Ka1
Bxd3 32. Bxd3 Rbd8 0-1

[Event "3rd ACT"]
[Site "Amsterdam NED"]
[Date "2006.07.15"]
[Round "1"]
[White "L'Ami,E"]
[Black "Hopman,P"]
[Result "1-0"]
[WhiteElo "2586"]
[BlackElo "2304"]
[EventDate "2006.07.15"]

1. d4 d6 2. c4 e5 3. Nf3 e4 4. Ng5 f5 5. Nc3 Be7 6. Nh3 c6 7. Nf4 Nf6 8. h4
Na6 9. e3 Nc7 10. d5 Ng4 11. Be2 Ne5 12. g3 c5 13. b3 g6 14. Bb2 Bf6 15.
Qd2 Qe7 16. O-O-O Bd7 17. g4 Bxh4 18. Ne6 Bxe6 19. dxe6 O-O-O 20. gxf5 gxf5
21. Nd5 Nxd5 22. cxd5 Bf6 23. Rh5 f4 24. exf4 Ng6 25. f5 Bxb2+ 26. Qxb2 Ne5
27. Qc2 1-0

[Event "3rd ACT"]
[Site "Amsterdam NED"]
[Date "2006.07.15"]
[Round "1"]
[White "Thiel,T"]
[Black "Erenburg,S"]
[Result "0-1"]
[WhiteElo "2302"]
[BlackElo "2585"]
[EventDate "2006.07.15"]

1. e4 c6 2. d4 d5 3. exd5 cxd5 4. c4 Nf6 5. Nc3 e6 6. Nf3 Bb4 7. Qc2 Nc6 8.
Bg5 h6 9. Bxf6 Qxf6 10. a3 Bxc3+ 11. Qxc3 dxc4 12. Bxc4 O-O 13. O-O Rd8 14.
Rfd1 b6 15. Ne5 Bb7 16. Nxc6 Bxc6 17. Ba6 Rd6 18. Rac1 Rad8 19. Qe3 e5 20.
d5 Rxd5 21. Rxd5 Rxd5 22. h3 Qd6 23. Be2 Bd7 24. Qe4 Be6 25. Bf3 Rd2 26.
Qa8+ Kh7 27. Rc6 Qd4 28. Rxe6 fxe6 29. Be4+ g6 30. Qxa7+ Kg8 31. Qa8+ Kg7
32. Qb7+ Kf6 33. Qa8 Qxf2+ 34. Kh1 Qf1+ 0-1

[Event "3rd ACT"]
[Site "Amsterdam NED"]
[Date "2006.07.15"]
[Round "1"]
[White "Witt,Rob"]
[Black "Stellwagen,D"]
[Result "0-1"]
[WhiteElo "2296"]
[BlackElo "2575"]
[EventDate "2006.07.15"]

1. e4 c5 2. Nf3 e6 3. c4 Nc6 4. Nc3 Nd4 5. d3 Ne7 6. Be3 Nec6 7. g3 Be7 8.
Bg2 O-O 9. O-O d6 10. Ne2 Nxf3+ 11. Bxf3 Bf6 12. Rb1 Rb8 13. Bg2 Qa5 14. a3
b5 15. cxb5 Qxb5 16. d4 Ba6 17. Re1 Rfd8 18. Bf1 Qb6 19. dxc5 dxc5 20. Qc1
Bd3 21. Bxc5 Qb3 22. Nf4 Bxb1 23. Qxb1 Bc3 24. Rc1 Bxb2 25. Bc4 Qa4 26. Qc2
Qxc2 27. Rxc2 Nd4 28. Bxd4 Rxd4 0-1

[Event "3rd ACT"]
[Site "Amsterdam NED"]
[Date "2006.07.15"]
[Round "1"]
[White "Al Modiahki,M"]
[Black "Bensdorp,M"]
[Result "1-0"]
[WhiteElo "2564"]
[BlackElo "2290"]
[EventDate "2006.07.15"]

1. e4 e6 2. d4 d5 3. Nc3 Nf6 4. Bg5 dxe4 5. Nxe4 Be7 6. Bxf6 gxf6 7. Nf3 b6
8. Bc4 Bb7 9. Qe2 c6 10. O-O-O Qc7 11. Rhe1 Nd7 12. Nc3 O-O-O 13. d5 cxd5
14. Bxd5 Nc5 15. Bxb7+ Kxb7 16. g3 Rxd1+ 17. Rxd1 Rd8 18. Nd4 Kc8 19. b4
Nb3+ 20. axb3 Qxc3 21. Qa6+ Kb8 22. Rd3 Qe1+ 23. Kb2 Qe5 24. c3 Qe4 25. f3
Qb7 26. b5 Kc8 27. Kc2 Bc5 28. Nxe6 1-0

[Event "3rd ACT"]
[Site "Amsterdam NED"]
[Date "2006.07.15"]
[Round "1"]
[White "Schoorl,R"]
[Black "Tukmakov,V"]
[Result "1-0"]
[WhiteElo "2289"]
[BlackElo "2560"]
[EventDate "2006.07.15"]

1. e4 e6 2. d4 d5 3. Nd2 c5 4. exd5 Qxd5 5. Ngf3 cxd4 6. Bc4 Qd6 7. Qe2 Nf6
8. Nb3 Nc6 9. Bg5 a6 10. O-O-O b5 11. Bd3 Bd7 12. Kb1 Be7 13. Rhe1 Rc8 14.
h3 Nd5 15. Bxe7 Qxe7 16. Be4 Nf6 17. Nfxd4 O-O 18. Bf3 Nxd4 19. Nxd4 Rc5
20. g4 Rfc8 21. Rd2 Qf8 22. h4 Be8 23. g5 Nd7 24. Be4 Nb6 25. f4 Nc4 26.
Rdd1 R5c7 27. h5 Rd8 28. g6 Rcd7 29. c3 Rd6 30. gxh7+ Kh8 31. Rg1 f5 32.
Bd3 Qf6 33. Bxc4 bxc4 34. Rde1 Bf7 35. Qxc4 Kxh7 36. Qe2 R8d7 37. Rg5 Rxd4
38. cxd4 Qxd4 39. Reg1 e5 40. Rxg7+ Kh8 41. h6 Qxf4 42. Qxa6 Qe4+ 43. Ka1
Qd5 44. Rg8+ 1-0

[Event "3rd ACT"]
[Site "Amsterdam NED"]
[Date "2006.07.15"]
[Round "1"]
[White "Halkias,S"]
[Black "Szymczak,Z"]
[Result "1-0"]
[WhiteElo "2551"]
[BlackElo "2288"]
[EventDate "2006.07.15"]

1. d4 d5 2. c4 dxc4 3. Nf3 Nf6 4. Nc3 c5 5. d5 e6 6. e4 exd5 7. e5 Nfd7 8.
Bg5 Be7 9. Bxe7 Qxe7 10. Nxd5 Qd8 11. Bxc4 Nc6 12. Qe2 Qa5+ 13. b4 Nxb4 14.
O-O Nf8 15. Nxb4 cxb4 16. Bb5+ Ke7 17. Qd3 Qb6 18. Qc4 Bd7 19. Qxb4+ Ke8
20. a4 Bxb5 21. axb5 Ne6 22. Rfd1 Qc5 23. Qa4 b6 24. Qe4 Ke7 25. Rdc1 Qxb5
26. Nd4 Nxd4 27. Rc7+ Ke6 28. Qxd4 Rhf8 29. Qg4+ 1-0

[Event "3rd ACT"]
[Site "Amsterdam NED"]
[Date "2006.07.15"]
[Round "1"]
[White "Tan,Mat"]
[Black "Li Shilong"]
[Result "1-0"]
[WhiteElo "2288"]
[BlackElo "2540"]
[EventDate "2006.07.15"]

1. e4 e6 2. d4 d5 3. Nd2 Nf6 4. e5 Nfd7 5. Bd3 c5 6. c3 Nc6 7. Ne2 cxd4 8.
cxd4 Nb6 9. O-O Bd7 10. a3 a5 11. Nf3 h6 12. Nc3 a4 13. Be3 Na5 14. Nd2 Bc6
15. Qe2 Qd7 16. Rad1 g6 17. h4 O-O-O 18. Rb1 Kb8 19. b4 axb3 20. Nxb3 Nac4
21. Na5 Be7 22. Rxb6 Nxb6 23. Rb1 Qc7 24. Bb5 Ka7 25. Bxc6 bxc6 26. Qc2 Rd7
27. Na4 Rb8 28. Nxc6+ Ka8 29. Nxb6+ Rxb6 30. Qa4+ Qa7 31. Qxa7+ 1-0

[Event "3rd ACT"]
[Site "Amsterdam NED"]
[Date "2006.07.15"]
[Round "1"]
[White "Vazquez,R"]
[Black "Swinkels,R"]
[Result "1-0"]
[WhiteElo "2517"]
[BlackElo "2286"]
[EventDate "2006.07.15"]

1. d4 Nf6 2. c4 g6 3. Nc3 d5 4. cxd5 Nxd5 5. Bd2 Bg7 6. e4 Nb6 7. Be3 O-O
8. Bb5 f5 9. Nh3 c6 10. Ba4 Nxa4 11. Qxa4 e5 12. O-O-O Qe7 13. Qc4+ Be6 14.
d5 cxd5 15. Nxd5 Qh4 16. Ng5 Na6 17. Ne7+ Kh8 18. Qxe6 f4 19. Qg8+ Rxg8 20.
Nf7+ 1-0

[Event "3rd ACT"]
[Site "Amsterdam NED"]
[Date "2006.07.15"]
[Round "1"]
[White "Valenti,G"]
[Black "Ernst,S"]
[Result "1/2-1/2"]
[WhiteElo "2273"]
[BlackElo "2504"]
[EventDate "2006.07.15"]

1. e4 e5 2. Nf3 Nc6 3. Bb5 a6 4. Ba4 Nf6 5. O-O Nxe4 6. d4 b5 7. Bb3 d5 8.
dxe5 Be6 9. Nbd2 Be7 10. c3 O-O 11. Qe2 Bf5 12. Nd4 Nxd4 13. cxd4 c5 14.
Nxe4 dxe4 15. dxc5 Bxc5 16. Bf4 Qd3 17. Rfe1 Rac8 18. h3 Bb4 19. Rad1 Qxe2
20. Rxe2 Rfd8 21. Rxd8+ Rxd8 22. g4 Bg6 23. Bc2 Rd4 24. a3 Be7 25. Be3 Rd5
26. Bf4 Rd4 27. Be3 Rd5 1/2-1/2

[Event "3rd ACT"]
[Site "Amsterdam NED"]
[Date "2006.07.15"]
[Round "1"]
[White "Holzke,F"]
[Black "Hofland,L"]
[Result "1-0"]
[WhiteElo "2472"]
[BlackElo "2272"]
[EventDate "2006.07.15"]

1. e4 c5 2. Nf3 e6 3. d4 cxd4 4. Nxd4 Nf6 5. Nc3 Nc6 6. Ndb5 Bb4 7. a3
Bxc3+ 8. Nxc3 d5 9. exd5 exd5 10. Bd3 O-O 11. O-O d4 12. Ne2 Bg4 13. Bg5
Re8 14. f3 Bc8 15. Qd2 Qd6 16. c4 Nd7 17. b4 Nde5 18. c5 Qe6 19. Rae1 h6
20. Nf4 Qb3 21. Bxh6 gxh6 22. Nh5 Re6 23. Bf5 Bd7 24. f4 Nc4 25. Bxe6 Nxd2
26. Bxb3 Nxf1 27. Kxf1 Kf8 28. Nf6 Bf5 29. Ne4 Bxe4 30. Rxe4 Rd8 31. Ke1 a6
32. Kd2 Ne7 33. Kd3 Nf5 34. g4 Ne3 35. Rxd4 Rxd4+ 36. Kxd4 Nxg4 1-0

[Event "3rd ACT"]
[Site "Amsterdam NED"]
[Date "2006.07.15"]
[Round "1"]
[White "Burg,T"]
[Black "Spoelman,W"]
[Result "1-0"]
[WhiteElo "2268"]
[BlackElo "2461"]
[EventDate "2006.07.15"]

1. e4 e5 2. Nf3 Nc6 3. d4 exd4 4. Nxd4 Nf6 5. Nxc6 bxc6 6. e5 Qe7 7. Qe2
Nd5 8. c4 Ba6 9. Qe4 Nf6 10. Qe2 Nd5 11. Qe4 Nb6 12. Nc3 Qe6 13. b3 Bb4 14.
Bd2 Bxc3 15. Bxc3 d5 16. Qh4 dxc4 17. Rc1 Qg6 18. bxc4 O-O 19. Be2 Qxg2 20.
Kd2 Rad8+ 21. Ke3 Qg6 22. Rcd1 Rxd1 23. Rxd1 Qc2 24. Bd3 Nxc4+ 25. Kf4 h6
26. Bxc2 g5+ 27. Kf5 Bc8+ 28. Kf6 gxh4 29. Rg1+ Kh8 30. Ke7 1-0

[Event "3rd ACT"]
[Site "Amsterdam NED"]
[Date "2006.07.15"]
[Round "1"]
[White "Vogel,Ja"]
[Black "De Vreugt,D"]
[Result "1-0"]
[WhiteElo "2246"]
[BlackElo "2429"]
[EventDate "2006.07.15"]

1. Nf3 d5 2. d4 c6 3. c4 Nf6 4. e3 Bf5 5. Nc3 e6 6. Be2 Nbd7 7. b3 Bb4 8.
Bd2 Qe7 9. O-O h6 10. c5 b6 11. Nb5 cxb5 12. Bxb4 bxc5 13. dxc5 a5 14. Bc3
Ne4 15. Bxg7 Rg8 16. Qd4 f6 17. Bxh6 b4 18. c6 Ndc5 19. Rac1 Nc3 20. Rxc3
bxc3 21. Nh4 Be4 22. Rc1 c2 23. Bh5+ Kd8 24. f3 e5 25. Qd2 Bd3 26. Rxc2
Bxc2 27. Qxc2 Ne6 28. Bg4 Kc7 29. Ng6 Qc5 30. Qf5 Qxc6 31. Ne7 Qc1+ 32. Kf2
Qd2+ 33. Kg3 Rxg4+ 34. Qxg4 Nc5 35. Qg7 Nd7 36. Qf7 Qe1+ 37. Kh3 Rh8 38.
Nxd5+ Kd6 39. Qe7+ Kxd5 40. Qxd7+ Kc5 41. Qc7+ Kb4 42. Qg7 Rxh6+ 43. Qxh6
Ka3 44. Qxf6 Qxe3 45. Qc6 Kxa2 46. Qa4+ Kb2 47. Qxa5 Qh6+ 48. Kg3 Qf4+ 49.
Kf2 Qxh2 50. Qb4 Ka2 51. Qc4 Ka3 52. b4 Ka4 53. Qg4 Kb5 54. Ke3 Ka4 55. g3
Qh8 56. Ke4 Kxb4 57. Qf5 Qa8+ 58. Kxe5 Kc3 59. g4 Qh8+ 60. Kf4 Kd2 61. Ke4
1-0

[Event "3rd ACT"]
[Site "Amsterdam NED"]
[Date "2006.07.15"]
[Round "1"]
[White "Hendriks,W"]
[Black "Overeem,M"]
[Result "1-0"]
[WhiteElo "2426"]
[BlackElo "2243"]
[EventDate "2006.07.15"]

1. e4 e5 2. Bc4 Nf6 3. d3 Bc5 4. Nf3 Nc6 5. c3 d6 6. Nbd2 a6 7. Bb3 O-O 8.
h3 Ba7 9. Nf1 d5 10. Qe2 dxe4 11. dxe4 Qe7 12. Ng3 Be6 13. O-O Bxb3 14.
axb3 Qe6 15. b4 Ne7 16. Nh4 Rfe8 17. Nhf5 Nxf5 18. Nxf5 g6 19. Nh6+ Kg7 20.
Bg5 Ng8 21. Nxg8 Rxg8 22. b5 axb5 23. Qxb5 Bb6 24. Rad1 h6 25. Bh4 Ra5 26.
Qd3 Re8 27. Rd2 Raa8 28. Rfd1 g5 29. Bg3 Re7 30. Qe2 f6 31. Rd5 Rf8 32.
R1d2 Rff7 33. Qd1 c6 34. Rd6 Qc8 35. Qb3 Bc7 36. R6d3 b5 37. Qd1 Qe6 38. f3
f5 39. Kh1 fxe4 40. fxe4 Qc4 41. Re2 Rf1+ 42. Qxf1 Qxd3 43. Qf3 Rd7 44. Qf5
Rf7 45. Bxe5+ Bxe5 46. Qxe5+ Kh7 47. Re1 Qd2 48. Qg3 Qxb2 49. e5 Qf2 50.
Qd3+ Qf5 51. Qd6 Qd7 52. Qb4 Qe6 53. Qe4+ Qg6 54. Qg4 Qf5 55. Qd1 Rd7 56.
Qe2 Re7 57. e6 Kg7 58. Qe3 c5 59. Qe2 c4 60. Qe3 Qd3 61. Qe5+ Kg6 62. Kg1
Qf5 63. Qd6 Qf6 64. Re3 Kg7 65. Qd5 Kg6 66. Qd8 Qf4 67. Rf3 Qc7 68. Qg8+
Rg7 69. Qe8+ Kh7 70. Rf8 1-0

[Event "3rd ACT"]
[Site "Amsterdam NED"]
[Date "2006.07.15"]
[Round "1"]
[White "Wempe,Jo"]
[Black "Cox,JJ"]
[Result "1-0"]
[WhiteElo "2242"]
[BlackElo "2418"]
[EventDate "2006.07.15"]

1. d4 Nf6 2. c4 e6 3. Nf3 c5 4. g3 cxd4 5. Nxd4 Bb4+ 6. Bd2 Qb6 7. Bxb4
Qxb4+ 8. Nd2 Qxb2 9. Nb5 Na6 10. Rb1 Qe5 11. Bg2 O-O 12. Nf3 Qc5 13. Nd6
Rb8 14. O-O b6 15. e4 Ne8 16. Nxc8 Qxc8 17. e5 Qc7 18. Qe2 Rc8 19. Rfd1 d6
20. Rd4 dxe5 21. Nxe5 Nf6 22. Nc6 Nb8 23. Ne5 Rfd8 24. Rbd1 Rxd4 25. Rxd4
Nfd7 26. Ng4 Nc6 27. Bxc6 Qxc6 28. Qd2 Nf8 29. Qg5 Qc7 30. h4 Kh8 31. h5 f6
32. Qd2 e5 33. Rd6 Qxc4 34. Ne3 Qc1+ 35. Qxc1 Rxc1+ 36. Kg2 Kg8 37. Rd8 Kf7
38. Rb8 Rc7 39. Nf5 Rd7 40. a4 g6 41. hxg6+ hxg6 42. Ne3 Ne6 43. Nc4 Nd4
44. Ra8 Ke6 45. Rg8 g5 46. Ne3 Nf5 47. Ra8 Nxe3+ 48. fxe3 g4 49. Kf2 Kf5
50. Ke2 Ke4 51. Rc8 Rd5 52. Rc4+ Kf5 53. e4+ 1-0

[Event "3rd ACT"]
[Site "Amsterdam NED"]
[Date "2006.07.15"]
[Round "1"]
[White "Siebrecht,S"]
[Black "De Jong,M"]
[Result "1-0"]
[WhiteElo "2414"]
[BlackElo "2241"]
[EventDate "2006.07.15"]

1. d4 Nf6 2. Nf3 g6 3. c4 Bg7 4. Nc3 O-O 5. e4 d6 6. h3 Na6 7. Bg5 c6 8.
Bd3 e5 9. d5 Bd7 10. Nd2 h6 11. Be3 Nh5 12. g3 Qf6 13. Nb3 Qe7 14. Be2 Nf6
15. Qd2 cxd5 16. cxd5 Kh7 17. g4 Rfc8 18. f3 Ne8 19. h4 Nc5 20. Na5 b6 21.
Nc4 Rc7 22. h5 g5 23. O-O Rac8 24. Rfc1 Na4 25. Nxa4 Bxa4 26. b3 Bd7 27.
Kg2 Bf8 28. a4 b5 29. Nb2 bxa4 30. bxa4 Qd8 31. Rxc7 Rxc7 32. Nc4 Qc8 33.
Qb4 Be7 34. Rb1 Qa6 35. a5 Bc8 36. Kf2 Nf6 37. Ke1 Qb7 38. Qxb7 Bxb7 39.
Bxa7 Ba6 40. Bb6 Rxc4 41. Bxc4 Bxc4 42. Rc1 Bb5 43. Rc7 Nd7 44. Rb7 Nxb6
45. axb6 Bd8 46. Rxf7+ Kg8 47. b7 Ba5+ 48. Kf2 1-0

[Event "3rd ACT"]
[Site "Amsterdam NED"]
[Date "2006.07.15"]
[Round "1"]
[White "Wunnink,M"]
[Black "Ansell,S"]
[Result "1/2-1/2"]
[WhiteElo "2235"]
[BlackElo "2391"]
[EventDate "2006.07.15"]

1. e4 c5 2. Nf3 Nc6 3. d4 cxd4 4. Nxd4 e5 5. Nb5 d6 6. N1c3 a6 7. Na3 b5 8.
Nd5 Nf6 9. Bg5 Be7 10. Bxf6 Bxf6 11. c3 Bg5 12. Nc2 Rb8 13. a4 bxa4 14.
Ncb4 Bd7 15. Bxa6 Nxb4 16. Nxb4 O-O 17. O-O Qb6 18. Bd3 Ra8 19. Bc2 a3 20.
Rxa3 Rxa3 21. bxa3 Qc5 22. Ba4 1/2-1/2

[Event "3rd ACT"]
[Site "Amsterdam NED"]
[Date "2006.07.15"]
[Round "1"]
[White "Pliester,L"]
[Black "Keessen,AJ"]
[Result "1/2-1/2"]
[WhiteElo "2391"]
[BlackElo "2234"]
[EventDate "2006.07.15"]

1. e4 c5 2. Nf3 e6 3. d4 cxd4 4. Nxd4 Nc6 5. Nf3 Nf6 6. Bd3 Qc7 7. O-O a6
8. Re1 d6 9. b3 Be7 10. Bb2 e5 11. c4 Qb8 12. Nc3 Bd8 13. Nd5 Bg4 14. h3
Bxf3 15. Qxf3 O-O 16. Rac1 Nd7 17. Qg3 Qa7 18. Bb1 Re8 19. h4 Re6 20. Qh3
Nf6 21. Qe3 Nd4 22. Bxd4 Qxd4 23. Qxd4 exd4 24. g3 Re8 25. Bd3 Nxd5 26.
cxd5 Ba5 27. Re2 Bc3 28. Kg2 Rac8 29. f4 f6 30. Kf3 Kf8 31. g4 h6 32. Rg2
Rc7 33. g5 hxg5 34. hxg5 fxg5 35. Rxg5 Rf7 36. Rc2 Ke7 37. Rcg2 Rh8 38.
Rxg7 Rxg7 39. Rxg7+ Kf6 40. Rg3 Be1 41. e5+ dxe5 42. Rg6+ Kf7 43. Ke2 Rh3
44. Kxe1 Rxd3 45. Rb6 exf4 46. Rxb7+ Kf6 47. Rb6+ Ke5 48. d6 Ke6 49. Rxa6
Re3+ 50. Kf2 d3 51. Ra4 Kxd6 52. Rxf4 Re2+ 53. Kf3 Rxa2 54. Rd4+ 1/2-1/2

[Event "3rd ACT"]
[Site "Amsterdam NED"]
[Date "2006.07.15"]
[Round "1"]
[White "Doggers,P"]
[Black "Bosboom,M"]
[Result "1-0"]
[WhiteElo "2232"]
[BlackElo "2390"]
[EventDate "2006.07.15"]

1. e4 c5 2. Nf3 d6 3. d4 cxd4 4. Nxd4 Nf6 5. Nc3 a6 6. Be2 e6 7. O-O b5 8.
Bf3 Ra7 9. Be3 Rd7 10. a4 b4 11. Na2 Bb7 12. Qe2 e5 13. Nb3 Nc6 14. c3 d5
15. exd5 Rxd5 16. c4 e4 17. cxd5 exf3 18. Qxf3 Ne5 19. Qg3 Bd6 20. f4 Neg4
21. Nc5 Bxd5 22. Nxb4 Ba8 23. Bd4 O-O 24. Rad1 Qc8 25. Nbd3 Rd8 26. Kh1 Be7
27. Bg1 Nh5 28. Qe1 Qc6 29. Rd2 Bxc5 30. Nxc5 Re8 31. Qh4 Nhf6 32. Re1 Rc8
33. Red1 h5 34. Qg5 Kh7 35. h3 Nh6 36. Rd6 Qe8 37. Qe5 1-0

[Event "3rd ACT"]
[Site "Amsterdam NED"]
[Date "2006.07.15"]
[Round "1"]
[White "Ferguson,M"]
[Black "Eggleston,D"]
[Result "1-0"]
[WhiteElo "2389"]
[BlackElo "2232"]
[EventDate "2006.07.15"]

1. e4 e6 2. d4 d5 3. Nd2 c5 4. exd5 exd5 5. Ngf3 a6 6. Be2 c4 7. O-O Bd6 8.
b3 b5 9. Re1 Ne7 10. bxc4 bxc4 11. Ne5 O-O 12. Bf3 Ra7 13. a4 Be6 14. Ba3
Bxa3 15. Rxa3 Nd7 16. Bg4 Nxe5 17. dxe5 Qa5 18. Bxe6 fxe6 19. Nf3 Qc5 20.
Qd4 Qxa3 21. Qxa7 Rxf3 22. gxf3 h6 23. Qxa6 Kf7 24. Qa7 Qc3 25. Re2 Qxf3
26. Qe3 Qg4+ 27. Kh1 Nf5 28. f3 Qh4 29. Qf2 Qf4 30. Re1 Kg8 31. a5 c3 32.
Ra1 Nd4 33. a6 Nc6 34. a7 Nxa7 35. Rxa7 Qc1+ 36. Qg1 1-0

[Event "3rd ACT"]
[Site "Amsterdam NED"]
[Date "2006.07.15"]
[Round "1"]
[White "Bakker,S"]
[Black "Gullaksen,E"]
[Result "0-1"]
[WhiteElo "2231"]
[BlackElo "2387"]
[EventDate "2006.07.15"]

1. d4 Nf6 2. c4 g6 3. Nc3 Bg7 4. e4 d6 5. f3 O-O 6. Be3 c5 7. Nge2 cxd4 8.
Nxd4 Nc6 9. Be2 Bd7 10. Qd2 Nxd4 11. Bxd4 Bc6 12. Rc1 a5 13. O-O Nd7 14.
Be3 Nc5 15. Nd5 e6 16. Nc3 Qe7 17. Rfd1 Rfd8 18. Nb5 Bxb5 19. cxb5 b6 20.
Bc4 Rac8 21. b3 f5 22. Bf4 fxe4 23. Bxd6 Qf6 24. Qe3 Nd3 25. fxe4 Nxc1 26.
e5 Rxd6 27. exd6 Rd8 28. Qxc1 Bf8 29. d7 Bc5+ 30. Kh1 Kg7 31. Qd2 Qe7 32.
Be2 e5 33. Bg4 h5 34. Bh3 e4 35. Qc3+ Qf6 36. Qxf6+ Kxf6 37. g3 g5 38. Rd5
e3 39. Rf5+ Kg6 40. Rd5 e2 0-1

[Event "3rd ACT"]
[Site "Amsterdam NED"]
[Date "2006.07.15"]
[Round "1"]
[White "Van Delft,M"]
[Black "Breivik,L"]
[Result "1-0"]
[WhiteElo "2382"]
[BlackElo "2226"]
[EventDate "2006.07.15"]

1. e4 c5 2. Nf3 Nc6 3. d4 cxd4 4. Nxd4 Nf6 5. Nc3 e5 6. Ndb5 d6 7. Bg5 a6
8. Na3 b5 9. Nd5 Be7 10. Bxf6 Bxf6 11. c3 O-O 12. Nc2 Be6 13. a4 bxa4 14.
Rxa4 a5 15. Bc4 Rb8 16. b3 Bg5 17. O-O Kh8 18. Ra1 Qd7 19. Qe2 f5 20. exf5
Rxf5 21. Qe4 Bd8 22. Nce3 Rf8 23. f4 Bf6 24. f5 Bg8 25. Kh1 Bg5 26. Rad1
Bxe3 27. Nxe3 Ne7 28. Qxe5 dxe5 29. Rxd7 Bxc4 30. Nxc4 Nxf5 31. Kg1 Rxb3
32. g4 Rxc3 33. Rxf5 Rc1+ 34. Kf2 Rxf5+ 35. gxf5 h6 36. Nxe5 Rc5 37. Ng6+
Kh7 38. Rf7 a4 39. Rf8 1-0

[Event "3rd ACT"]
[Site "Amsterdam NED"]
[Date "2006.07.15"]
[Round "1"]
[White "Van Veen,O"]
[Black "Pruijssers,R"]
[Result "0-1"]
[WhiteElo "2225"]
[BlackElo "2355"]
[EventDate "2006.07.15"]

1. e4 e5 2. Nf3 Nc6 3. Bc4 Nf6 4. O-O Be7 5. d4 exd4 6. e5 Ne4 7. Bd5 Nc5
8. Qe2 Nb4 9. Bc4 Ne6 10. Rd1 d5 11. exd6 Qxd6 12. Nc3 c5 13. Nb5 Qb6 14.
c3 dxc3 15. bxc3 Nc6 16. Ng5 Ncd8 17. a4 Qa5 18. Nxf7 Kxf7 19. f4 a6 20.
Nd6+ Bxd6 21. Rxd6 Qc7 22. Qe5 Ke7 23. Bxe6 Qxd6 24. Qxg7+ Kxe6 25. f5+
Kxf5 26. Qxh8 Qd1+ 27. Kf2 Qc2+ 28. Kg1 Qd1+ 29. Kf2 Qd7 30. g4+ Kg6 31. h4
Qxg4 32. Qg8+ Kf5 0-1

[Event "3rd ACT"]
[Site "Amsterdam NED"]
[Date "2006.07.15"]
[Round "1"]
[White "Taylor,Pe"]
[Black "De Boer,Sy"]
[Result "0-1"]
[WhiteElo "2220"]
[BlackElo "2353"]
[EventDate "2006.07.15"]

1. Nf3 Nf6 2. c4 e6 3. Nc3 Bb4 4. Qc2 b6 5. a3 Bxc3 6. Qxc3 Bb7 7. e3 d6 8.
Be2 Nbd7 9. b4 O-O 10. Bb2 Qe7 11. O-O c5 12. Rae1 Rfc8 13. Qb3 a5 14. bxc5
Nxc5 15. Bxf6 gxf6 16. Qb2 Be4 17. Rd1 Rab8 18. Nd4 e5 19. Nb5 Kh8 20. d4
exd4 21. exd4 Ne6 22. f3 Bc6 23. Nc3 Nxd4 24. Bd3 Qe5 25. Rfe1 Qg5 26. Kf1
Rg8 27. Ne4 Bxe4 28. Bxe4 Ne6 29. Rxd6 b5 30. cxb5 Rxb5 31. Qd2 Qg7 32. Rd5
Rb3 33. Rxa5 f5 34. Rxf5 Rb2 35. Bc2 Rxc2 36. Qxc2 Nd4 37. Qb2 Nxf5 38.
Qxg7+ Kxg7 39. Ra1 Ra8 40. Ke2 Nd4+ 41. Kf2 Nc2 42. Ra2 Nxa3 43. Ra1 Ra5
44. Rc1 Nb5 45. Rc5 Ra2+ 46. Kg3 Nd4 47. Rc4 Rd2 48. Ra4 Kg6 49. Ra5 Nf5+
50. Kf4 Rd4+ 51. Ke5 f6+ 52. Ke6 Rd6+ 0-1

[Event "3rd ACT"]
[Site "Amsterdam NED"]
[Date "2006.07.15"]
[Round "1"]
[White "Peelen,P"]
[Black "Miedema,R"]
[Result "1/2-1/2"]
[WhiteElo "2352"]
[BlackElo "2218"]
[EventDate "2006.07.15"]

1. c4 e5 2. Nc3 Nf6 3. Nf3 Nc6 4. g3 Bb4 5. Bg2 O-O 6. O-O e4 7. Ne1 Bxc3
8. dxc3 h6 9. Nc2 Re8 10. Ne3 d6 11. Qc2 Bd7 12. Bd2 Re5 13. f4 exf3 14.
exf3 a5 15. f4 Re8 16. Nd5 a4 17. Rae1 Na5 18. Be3 Nxd5 19. cxd5 Bb5 20.
Rf2 Nc4 21. Rfe2 Nxe3 22. Rxe3 Rxe3 23. Rxe3 Qf6 24. h4 Bd7 25. Qe2 a3 26.
bxa3 Rxa3 27. Qc4 Qd8 28. Kh2 b5 29. Qe2 Qf6 30. Re7 Rxa2 31. Qe4 Bf5 32.
Qe3 Rc2 33. Rxc7 b4 34. Qe8+ Kh7 35. Rxf7 Qg6 36. cxb4 Rc3 37. Qe1 Rc2 38.
Re7 Qg4 39. Kg1 Rb2 40. Qe3 Qd1+ 41. Kh2 Qc2 42. Qf3 Bg4 43. Rxg7+ 1/2-1/2

[Event "3rd ACT"]
[Site "Amsterdam NED"]
[Date "2006.07.15"]
[Round "1"]
[White "Zhang,T"]
[Black "Schlawin,M"]
[Result "0-1"]
[WhiteElo "2217"]
[BlackElo "2349"]
[EventDate "2006.07.15"]

1. e4 e6 2. d4 d5 3. e5 c5 4. c3 Nc6 5. Nf3 Bd7 6. Be2 Nge7 7. a3 a5 8. O-O
Ng6 9. Re1 Be7 10. a4 O-O 11. Na3 cxd4 12. cxd4 Bb4 13. Bd2 f6 14. Bd3 fxe5
15. Bxg6 hxg6 16. dxe5 Rxf3 17. gxf3 Bxd2 18. Qxd2 Qh4 19. Nb5 Rf8 20. Ra3
g5 21. Nd6 Rf4 22. Ree3 Qh3 23. Qd3 Rh4 24. Qg6 Qxh2+ 25. Kf1 Qh1+ 26. Ke2
Nd4+ 27. Kd2 Qf1 28. Ne4 dxe4 29. Qxg5 Qxf2+ 30. Kc3 exf3 31. Kc4 Nc2+ 32.
Kc5 Nxe3 33. Kd6 Nc4+ 34. Kxd7 Nxa3 35. bxa3 Qd4+ 36. Ke7 Rh6 37. Qg4 Qxg4
0-1

[Event "3rd ACT"]
[Site "Amsterdam NED"]
[Date "2006.07.15"]
[Round "1"]
[White "Van der Elburg,F"]
[Black "Cornelisse,J"]
[Result "1-0"]
[WhiteElo "2348"]
[BlackElo "2216"]
[EventDate "2006.07.15"]

1. c4 g6 2. g3 Bg7 3. Bg2 d6 4. Nc3 Nf6 5. e4 e5 6. Nge2 O-O 7. O-O Nc6 8.
d3 Bd7 9. h3 h5 10. Kh2 Nh7 11. Be3 Ng5 12. f4 Ne6 13. f5 Ned4 14. Nd5 gxf5
15. Bxd4 Nxd4 16. Nxd4 exd4 17. exf5 Qg5 18. h4 1-0

[Event "3rd ACT"]
[Site "Amsterdam NED"]
[Date "2006.07.15"]
[Round "1"]
[White "Van de Oudeweetering,A"]
[Black "Van Gool,H"]
[Result "1/2-1/2"]
[WhiteElo "2345"]
[BlackElo "2208"]
[EventDate "2006.07.15"]

1. e4 e5 2. Nf3 Nc6 3. Bb5 a6 4. Bxc6 dxc6 5. Nc3 Bd6 6. d4 Bg4 7. dxe5
Bxf3 8. Qxf3 Bxe5 9. Bf4 Bxf4 10. Qxf4 Qd6 11. Qe3 Ne7 12. Rd1 Qe6 13. Qg3
O-O 14. O-O Rac8 15. Rfe1 Ng6 16. h3 Rfe8 17. Re3 Qf6 1/2-1/2